| 000 | 00675nam a2200193 a 4500 | ||
|---|---|---|---|
| 005 | 20210223125340.0 | ||
| 008 | 040420s1998 mx r 000 0 spa d | ||
| 020 | _a9686914757 | ||
| 035 | _aUPN01000132944 | ||
| 049 | _aCG | ||
| 050 | 4 |
_aJL969 A4.5 _bH8.3 |
|
| 245 | 0 | 0 |
_aHuellas de las transiciones políticas : _bpartidos y elecciones en América Latina / _cSilvia Dutrénit Bielous ... [et al.]. |
| 260 |
_aMéxico : _bInstituto Mora, _c1998. |
||
| 300 |
_a280 p. : _bcuadros, gráfs. |
||
| 650 | 4 |
_aPARTIDOS POLITICOS - _zAMERICA LATINA _915172 |
|
| 650 | 4 |
_aELECCIONES - _zAMERICA LATINA _914722 |
|
| 700 | 1 |
_aDutrénit Bielous, Silvia, _ecoaut. _940727 |
|
| 905 | _aLibro | ||
| 999 |
_c105097 _d105097 |
||